[Event "GRE-ch U14 Girls"]
[Site "Rio Achaia"]
[Date "2018.07.04"]
[Round "3"]
[White "Gioutsou, Miranta"]
[Black "Karavitaki, Evaggelia"]
[Result "0-1"]
[WhiteElo "1467"]
[BlackElo "1723"]
[PlyCount "62"]
[EventDate "2018.07.03"]
[EventType "swiss"]
[EventRounds "9"]
[EventCountry "GRE"]
[SourceTitle "EXT 2019"]
[Source "ChessBase"]
[SourceDate "2018.10.10"]
[SourceVersion "1"]
[SourceVersionDate "2018.10.10"]
[SourceQuality "1"]

1. e4 c5 2. Nf3 e6 3. c3 d5 4. e5 d4 5. Bd3 Nc6 6. 0-0 Nge7 7. Qe2 a6 8. cxd4 cxd4 9. Na3 Nd5 10. Nc2 Nf4 11. Qe4 Nxd3 12. Qxd3 Bc5 13. b3 Qd5 14. Re1 b5 15. Bb2 Bb7 16. Rac1 Bb6 17. Qe4 Qxe4 18. Rxe4 Nb4 19. Rh4 Nd3 20. Rb1 Bxf3 21. gxf3 Nxe5 22. Kg2 Ng6 23. Re4 d3 24. Nb4 0-0 25. Nxd3 Rfd8 26. Ne5 Rxd2 27. Nxg6 Rxf2+ 28. Kg3 hxg6 29. h4 Rd8 30. Rg4 Rd3 31. Rf4 Rdd2 0-1

[Event "GRE-ch U10 Girls"]
[Site "Rio Achaia"]
[Date "2015.07.02"]
[Round "9.2"]
[White "Gioutsou, Miranta"]
[Black "Apostolakaki, Evangelia"]
[Result "1-0"]
[WhiteElo "1268"]
[BlackElo "1064"]
[PlyCount "98"]
[EventDate "2015.06.26"]
[EventType "swiss"]
[EventRounds "9"]
[EventCountry "GRE"]
[SourceTitle "EXT 2024"]
[Source "ChessBase"]
[SourceDate "2023.10.10"]
[SourceVersion "1"]
[SourceVersionDate "2023.10.10"]
[SourceQuality "1"]

1. e4 e5 2. Nf3 Nf6 3. Nxe5 d6 4. Nf3 Nxe4 5. c4 Nf6 6. Nc3 Be7 7. d4 d5 8. h3 Nc6 9. Be2 Be6 10. cxd5 Nxd5 11. 0-0 Qd7 12. Bb5 0-0-0 13. Ne5 Qd6 14. Ne4 Qb4 15. Bxc6 Nb6 16. Be3 f6 17. Bxb7+ Kxb7 18. Nd3 Qc4 19. Qf3 Bd5 20. Ndc5+ Bxc5 21. Nxc5+ Qxc5 22. dxc5 Bxf3 23. gxf3 Nc4 24. Bf4 Nd2 25. Bxd2 Rxd2 26. b4 Rd3 27. Kg2 Rd4 28. a3 Re8 29. Rfe1 Rxe1 30. Rxe1 Rd3 31. Re3 Rd8 32. Re7 Rg8 33. b5 h6 34. a4 f5 35. a5 Rd8 36. b6 Rc8 37. Rxg7 axb6 38. cxb6 Ka6 39. Rxc7 Rxc7 40. bxc7 Kb7 41. a6+ Kxc7 42. Kg3 Kb6 43. Kf4 Kxa6 44. Kxf5 Kb6 45. Ke6 Kc7 46. Ke7 Kc6 47. f4 Kd5 48. f5 Ke5 49. f6 Kd5 1-0